| Tag |
First Indicator |
Second Indicator |
Subfields |
| LEADER |
00000cam a2200000Ia 4500 |
| 001 |
in00002315021 |
| 005 |
20190326202951.0 |
| 006 |
m | d | |
| 007 |
cr |n||||||||n |
| 008 |
910116s1767 enk s 000 0 eng d |
| 010 |
|
|
|a nuc87831907
|
| 040 |
|
|
|a ResP
|c RQM
|d GKS
|d OCL
|d Thomson Gale
|d UtOrBLW
|
| 043 |
|
|
|a e-uk---
|
| 050 |
1 |
4 |
|a AC901
|b .M5 vol. 191
|
| 050 |
1 |
4 |
|a HB161
|b .G64 no. 10381
|
| 082 |
0 |
4 |
|a 330
|b G62
|
| 100 |
1 |
|
|a Wilkes, John,
|d 1725-1797.
|
| 245 |
1 |
2 |
|a A letter to His Grace the Duke of Grafton :
|b first commissioner of His Majesty's treasury.
|
| 250 |
|
|
|a 5th ed.
|
| 264 |
|
3 |
|a London :
|b Printed for J. Almon,
|c 1767.
|
| 300 |
|
|
|a 35 pages ;
|c 21 cm.
|
| 336 |
|
|
|a text
|b txt
|2 rdacontent
|
| 337 |
|
|
|a computer
|b c
|2 rdamedia
|
| 338 |
|
|
|a online resource
|b cr
|2 rdacarrier
|
| 490 |
1 |
|
|a Miscellaneous pamphlets ;
|v v. 191, no. 5
|
| 500 |
|
|
|a Signed, page 35: John Wilkes.
|
| 500 |
|
|
|a With reference to his outlawry.
|
| 500 |
|
|
|a Reproduction of original from Goldsmiths' Library, University of London.
|
| 500 |
|
|
|a Goldsmiths'-Kress number 10381.
|
| 510 |
4 |
|
|a OCLC,
|c 22971735
|
| 533 |
|
|
|a Electronic reproduction.
|b Farmington Hills, Mich. :
|c Thomson Gale,
|d 2005.
|f (The making of the modern world).
|n Available via the World Wide Web.
|n Access limited to licensing agreements.
|7 s2005 miunns
|
| 500 |
|
|
|a Electronic resource.
|
| 600 |
1 |
0 |
|a Wilkes, John,
|d 1725-1797
|v Trials, litigation, etc.
|
| 651 |
|
0 |
|a Great Britain
|x Politics and government
|y 1760-1789.
|
| 655 |
|
0 |
|a Electronic books.
|
| 700 |
1 |
|
|a Grafton, Augustus Henry Fitzroy,
|c Duke of,
|d 1735-1811.
|
| 830 |
|
0 |
|a Making of the modern world (Goldsmiths'-Kress Library of Economic Literature)
|
| 856 |
4 |
0 |
|u http://proxy.library.tamu.edu/login?url=http://galenet.galegroup.com/servlet/MOME?af=RN&ae=U101325703&srchtp=a&ste=14&locID=txshracd2898
|z Connect to the full text of this electronic book
|t 0
|
| 830 |
|
0 |
|a Miscellaneous pamphlets ;
|v v. 191, no. 5.
|
| 999 |
|
|
|a MARS
|
| 999 |
f |
f |
|s 6b3a9db9-b870-320d-9377-6867fb205b3c
|i 870290f8-1358-3552-b42d-ef4c63fe1c1e
|t 0
|
| 952 |
f |
f |
|a Texas A&M University
|b College Station
|c Electronic Resources
|d Available Online
|t 0
|e HB161 .G64 no. 10381
|h Library of Congress classification
|
| 998 |
f |
f |
|a HB161 .G64 no. 10381
|t 0
|l Available Online
|